College Quizbowl Stats
College Quizbowl Stats
Circuits
Seasons
Sets
Records
Detailed Stats
About
Loading...
2024 ACF Fall at Rutgers
Tossups
Bonuses
Players
Teams
Categories (Tossup)
Categories (Bonus)
Ian Parsons (DII)
Maryland A
Categories
Category
Powers
Gets
Negs
BBs
Points
Earliest Buzz
Avg. Buzz
First Buzzes
Top 3 Buzzes
History - American History
0
2
0
1
20
44
74.00
0
1
Current Events
0
1
0
0
10
51
51.00
0
0
Geography
0
1
0
0
10
80
80.00
0
0
History - Other History
0
1
0
0
10
92
92.00
0
1
Literature - British Literature
0
1
0
0
10
86
86.00
0
0
Buzzes
Category
Answer
Value
Buzz Position
History - American History
Philadelphia
10
44
Current Events
environmentalism
10
51
Geography
the Alps
10
80
Literature - British Literature
Tom Stoppard
10
86
History - Other History
printing
10
92
History - American History
assassinating the President of the United States
10
104
Previous
1
Next